| 000 | 00841nam a22002297a 4500 | ||
|---|---|---|---|
| 999 |
_c17281 _d17281 |
||
| 003 | AR-CdUCM | ||
| 008 | 190508b ||||| |||| 00| 0 spa d | ||
| 040 |
_aMUNICIPALIDAD PROVINCIAL DEL CUSCO _cBIBLIOTECA MUNICIPAL DEL CUSCO |
||
| 041 | _heng | ||
| 082 |
_a780 / _bP75 |
||
| 100 |
_aPollitt, Arthur W. _937189 |
||
| 245 | _aPara entender y saborear la música / | ||
| 260 |
_aMadrid : _bSociedad General de Publicaciones. |
||
| 300 |
_a161 págians ; _bpentagramas, _c21 cm. |
||
| 505 | _aContenido: Preámbulo -- La música y la cultura -- La lección de la historia -- El arte de escuchar -- Los elementos constitutivos de la forma ... | ||
| 650 |
_aArte _9561 |
||
| 650 |
_aHistoria _9136 |
||
| 650 |
_aLA sinfonía _937190 |
||
| 700 |
_aBorras, José M. (traducción) _937191 |
||
| 942 |
_2ddc _cLIBROS |
||
| 945 |
_aachl _d2019-05-08 |
||